[Event "Budapest FS07 Nadassy"]
[Site "Budapest"]
[Date "2022.07.09"]
[Round "7.1"]
[White "Takahashi, Ryunosuke"]
[Black "Farago, Sandor"]
[Result "0-1"]
[WhiteElo "1613"]
[BlackElo "2141"]
[PlyCount "78"]
[EventDate "2022.07.02"]
[EventType "schev"]
[EventRounds "12"]
[EventCountry "HUN"]
[SourceTitle "EXT 2023"]
[Source "ChessBase"]
[SourceDate "2022.10.05"]
[SourceVersion "1"]
[SourceVersionDate "2022.10.05"]
[SourceQuality "1"]
[WhiteTeam "Weaker Row"]
[BlackTeam "Strong Row"]
[WhiteTeamCountry "HUN"]
[BlackTeamCountry "HUN"]

1. d4 Nf6 2. c4 g6 3. Nc3 Bg7 4. Nf3 d6 5. g3 Nbd7 6. Bg2 0-0 7. 0-0 c5 8. d5 Nb6 9. Nd2 e5 10. dxe6 Bxe6 11. Bxb7 Rb8 12. Bf3 a6 13. Qc2 Nxc4 14. Nxc4 Bxc4 15. Ne4 Nxe4 16. Qxc4 Ng5 17. Bd5 Bxb2 18. Bxb2 Rxb2 19. Qxa6 Re8 20. e3 Qf6 21. Bg2 Rxf2 22. Qd3 Rxg2+ 23. Kxg2 Qb2+ 24. Kh1 Nf3 25. Rxf3 Qxa1+ 26. Rf1 Qxa2 27. Qxd6 Qc4 28. Qf4 Re4 29. Qf6 Qd5 30. Qf3 Qe6 31. Re1 h5 32. Kg2 c4 33. Re2 c3 34. Kf2 Re5 35. e4 Rc5 36. Qd3 Qe5 37. Ke3 Rc8 38. Qd5 Qxd5 39. exd5 c2 0-1

[Event "Budapest FS07 Nadassy"]
[Site "Budapest"]
[Date "2022.07.04"]
[Round "3.1"]
[White "Farago, Sandor"]
[Black "Takahashi, Ryunosuke"]
[Result "1-0"]
[WhiteElo "2141"]
[BlackElo "1613"]
[PlyCount "109"]
[EventDate "2022.07.02"]
[EventType "schev"]
[EventRounds "12"]
[EventCountry "HUN"]
[SourceTitle "EXT 2023"]
[Source "ChessBase"]
[SourceDate "2022.10.05"]
[SourceVersion "1"]
[SourceVersionDate "2022.10.05"]
[SourceQuality "1"]
[WhiteTeam "Strong Row"]
[BlackTeam "Weaker Row"]
[WhiteTeamCountry "HUN"]
[BlackTeamCountry "HUN"]

1. e4 e5 2. Nf3 Nc6 3. Bb5 Nf6 4. d3 Bc5 5. c3 0-0 6. Bg5 h6 7. Bh4 d6 8. Nbd2 g5 9. Bg3 Nh5 10. b4 Bb6 11. Nc4 Be6 12. Nxb6 axb6 13. a4 Qf6 14. Nd2 Qg6 15. Bc4 Nf4 16. Bxf4 exf4 17. Bxe6 fxe6 18. 0-0 Ne5 19. d4 Nd7 20. f3 e5 21. Nc4 Qe6 22. Qd3 Rfd8 23. Rfd1 Nf6 24. d5 Qe8 25. a5 b5 26. Na3 c6 27. c4 bxc4 28. Nxc4 cxd5 29. exd5 Kg7 30. Nb6 Rab8 31. Rdc1 e4 32. fxe4 Qxe4 33. Rc7+ Kg6 34. Qxe4+ Nxe4 35. Re1 Re8 36. Nd7 Rbd8 37. Rxb7 g4 38. Rf1 Nd2 39. Rxf4 Kg5 40. Rd4 Re2 41. Rc7 Rde8 42. Rxg4+ Kxg4 43. Nf6+ Kf4 44. Nxe8 Rxe8 45. a6 Re1+ 46. Kf2 Ra1 47. a7 Nb3 48. g3+ Ke4 49. Kg2 Nd4 50. Rb7 Kxd5 51. b5 Ra2+ 52. Kh3 Ne6 53. b6 Kc6 54. Rb8 Nc7 55. bxc7 1-0